Vrai/Faux : Homonymes de départements français 5 - Statistiques

Statistiques générales
  • Ce quiz a été pris 11 fois
  • Le résultat moyen est 25 sur 50
Statistiques - réponses
Hint Explanation Réponse % Correct
Hérault est un prénom féminin Héro chez les Grecs FAUX
78%
Gers est un affluent de la Garonne VRAI
78%
Dordogne est un fleuve VRAI
78%
Eure est un affluent de la Seine VRAI
78%
Doubs est le département numéroté 35 25 FAUX
67%
Hérault Simone est la "voix" de la SNCF VRAI
67%
Eure est le nom d'un quartier du Havre VRAI
67%
Aisne est le département numéroté 02 VRAI
67%
Côte d'or est une marque de chocolat VRAI
67%
Ardennes est un massif montagneux VRAI
67%
Calvados est un alcool VRAI
67%
Aude est le département numéroté 11 VRAI
67%
Cher est un affluent de la Loire VRAI
67%
Hérault Guy est un candidat de la présidentielle de 1974 Héraud FAUX
56%
Finistère est une compagnie aérienne bretonne Finistair FAUX
56%
Drôme est un jeu de société Pure invention ! FAUX
56%
Cher est un vin doux liquoreux Pure invention ! FAUX
56%
Eure signifie choc Heurt FAUX
56%
Calvados est un personnage de Tintin Astérix FAUX
56%
Gers est un mont des Pyrénées Le pic de Ger existe FAUX
56%
Hérault est un affluent de la Garonne Pure invention ! FAUX
56%
Charente est un fleuve VRAI
56%
Côte d'or est le département numéroté 21 VRAI
56%
Hérault est un fleuve VRAI
56%
Ardennes est le nom d'un quartier de Bordeaux Ardenne haute : ancien quartier de Toulouse FAUX
44%
Aisne est un affluent de la Mayenne FAUX
44%
Aude est un poème lyrique Ode FAUX
44%
Doubs Gérard est un artiste peintre Dou FAUX
44%
Corse est un fromage à l'huile Pure invention ! FAUX
44%
Ain est une attitude de pêche Hain FAUX
44%
Aveyron est le département numéroté 14 12 FAUX
44%
Aube désigne une sphère Orbe FAUX
44%
Côte d'or est un voilier d'Eric Tabarly VRAI
44%
Drôme est un affluent de l'Aure VRAI
44%
Aube est une commune de l'Orne VRAI
44%
Gers Janick est le guitariste du groupe ACDC Iron Maiden FAUX
33%
Gironde est une marque de peinture Pure invention ! FAUX
33%
Ariège Emile est un aviateur français Pure invention ! FAUX
33%
Corse Ange est un chef cuisinier Pure invention ! FAUX
33%
Cantal Joël est un personnage de BD Pure invention ! FAUX
33%
Cantal est un village de Suisse Pure invention ! FAUX
33%
Corrèze est une appellation de vin VRAI
33%
Ain est une commune d'Espagne VRAI
33%
Cantal est le département numéroté 18 VRAI
33%
Calvados est un système informatique Apple VRAI
33%
Gard est un hameau de l'Aisne VRAI
33%
Cantal était un cheval de Napoléon 1er VRAI
33%
Creuse est un village du Canada Pure invention : FAUX
22%
Corse est un village anglais VRAI
22%
Gers est un affluent de la Garonne Ger FAUX
11%
Aucun quiz correspondant
Distribution des résultats
% des personnes avec chaque résultat
Percentile par nombre de réponses
Votre historique - résultats
Vous n’avez pas pris ce quiz